Slovník českých a slovenských výtvarných umělců 1950-1999 IV. : CH-J

Bibliographic Details
Other Authors: Malý, Zbyšek, 1938-2000 (Editor)
Format: Book
Language:Czech
PhysicalDescription:341 strán fotografie 31 cm
Published: Ostrava Chagall 1999
ISBN:8086171043
Series:Prameny a dokumenty
Subjects:

MARC

LEADER 00000cam a2200000 a 4500
001 vtls001401277
003 SK-MaSNL
005 20260425222318.0
008 240226s1999 xr o grhnd 000 0dcze
020 |a 8086171043  |q (viazané) 
035 |a SNK000355775 
040 |a SNK  |b slo  |c SNK  |e AACR2 
041 0 |a cze 
043 |a e-xo---  |a e-xr--- 
044 |a xr  |c CZ 
072 7 |a 72/76  |x Výtvarné umenie  |2 konspekt 
080 |a 72  |2 2011 
080 |a (437.6)  |2 2011 
080 |a (437.3)  |2 2011 
080 |a (031)929  |2 2011 
245 0 0 |a Slovník českých a slovenských výtvarných umělců 1950-1999  |n IV. : CH-J  |c editor Zbyšek Malý 
260 |a Ostrava  |b Chagall  |c 1999 
300 |a 341 strán  |b fotografie  |c 31 cm 
366 |e 3000 kusov 
490 1 |a Prameny a dokumenty 
504 |a Obsahuje bibliografiu na strane 7-8 
648 7 |a 1950-1999  |2 SNKPH  |9 296481 
650 0 7 |a výtvarníci  |2 SNKPH  |9 118705 
650 0 7 |a Artists  |2 SNKPHeng  |9 265151 
651 7 |a Slovensko  |2 SNKPHgeo  |9 14231 
651 7 |a Česko  |2 SNKPHgeo  |9 16753 
651 7 |a Slovakia  |2 SNKPHeng  |9 92630 
651 7 |a Czechia  |2 SNKPHeng  |9 170107 
655 7 |a biografické slovníky  |2 SNKPH  |9 51960 
655 7 |a Biographical dictionaries  |2 SNKPHeng  |9 278210 
700 1 |a Malý, Zbyšek,  |d 1938-2000  |4 edt  |9 296482 
830 0 |a Prameny a dokumenty  |9 296483 
919 |a 80-86171-04-3 
958 |a CZ 
958 |a OND 
958 |a BX 
958 |a BC 
958 |a NB 
999 |c 552580  |d 554510 
952 |t snkSLO/4 75:929(437)(031)  |a SNKUST  |b SNKUST  |y PREZ  |7 0  |p 17A0260183  |o snkIB 70212/4  |i snkZK 1948/2000  |8 4  |g 37.68  |0 0  |1 0  |4 0  |d 2000-11-28  |f 1  |l 0  |r 2025-05-29 00:00:00  |w 2026-02-23